Cim 2 : pražský evangeliář Cim 2 : rukopis mezi zeměmi a staletími středověké Evropy /

Hlavní autor: Kubínová, Kateřina, 1975-
Korporativní autor: Ústav dějin umění (Akademie věd ČR)
Jazyk: Latina
Čeština
Vydáno: Praha : Artefactum, 2017
Vydání: Vydání první
Témata:
Externí odkaz: Digitalizovaný dokument
Fyzický popis: 375 stran : ilustrace (převážně barevné), mapy, faksimile ; 31 cm
Language note: Částečně latinský text, anglické resumé
Knihy
Uloženo v:
LEADER 03080nam a2200697 i 4500
001 nkc20183022495
003 CZ PrNK
005 20190327235018.0
007 ta
008 180829s2017 xr abh f 001 0 cze
015 |a cnb003022495 
020 |a 978-80-88283-06-5  |q (vázáno) 
035 |a (OCoLC)1056249214 
040 |a ABA001  |b cze  |e rda 
041 0 |a cze  |a lat  |b eng 
043 |a e-fr--- 
045 |a m-m- 
072 7 |a 09  |x Rukopisy, prvotisky, staré tisky. Vzácná a pozoruhodná díla  |2 Konspekt  |9 12 
080 |a 27-247-282.7  |2 MRF 
080 |a 091:7.033.421  |2 MRF 
080 |a 091.31  |2 MRF 
080 |a [655.1+686.1]:74/77  |2 MRF 
080 |a (44-17)  |2 MRF 
080 |a (048.8)  |2 MRF 
080 |a (0.035)091.7  |2 MRF 
100 1 |a Kubínová, Kateřina,  |d 1975-  |7 jo2004220571  |4 aut 
245 1 0 |a Cim 2 :  |b pražský evangeliář Cim 2 : rukopis mezi zeměmi a staletími středověké Evropy /  |c Kateřina Kubínová 
246 1 |i Název v tiráži:  |a Pražský evangeliář Cim 2 
246 3 0 |a Evangeliář Cim 2 
250 |a Vydání první 
264 1 |a Praha :  |b Artefactum,  |c 2017 
300 |a 375 stran :  |b ilustrace (převážně barevné), mapy, faksimile ;  |c 31 cm 
336 |a text  |b txt  |2 rdacontent 
336 |a statický obraz  |b sti  |2 rdacontent 
337 |a bez média  |b n  |2 rdamedia 
338 |a svazek  |b nc  |2 rdacarrier 
500 |a 500 výtisků 
504 |a Obsahuje bibliografii, bibliografické odkazy a rejstříky 
546 |a Částečně latinský text, anglické resumé 
550 |a Vydavatel: Ústav dějin umění AV ČR, v.v.i. 
610 2 7 |a Katolická církev.  |b Metropolitní kapitula sv. Víta, Vojtěcha a Václava (Praha, Česko).  |b Knihovna.  |k Rukopis.  |n Cim 2  |7 ko20181006801  |2 czenas 
648 7 |a 9. století  |7 ch460547  |2 czenas 
650 0 7 |a evangeliáře  |7 ph120047  |z Francie severní  |y 9. století  |2 czenas 
650 0 7 |a karolinské rukopisy  |7 ph139140  |2 czenas 
650 0 7 |a iluminované rukopisy  |7 ph114754  |z Francie severní  |y 9. století  |2 czenas 
650 0 7 |a knižní umění  |7 ph114938  |z Francie severní  |y 9. století  |2 czenas 
650 0 9 |a evangeliaries  |z France, Northern  |y 9th century  |2 eczenas 
650 0 9 |a Carolingian manuscripts  |2 eczenas 
650 0 9 |a illuminated books and manuscripts  |z France, Northern  |y 9th century  |2 eczenas 
650 0 9 |a art of the book  |z France, Northern  |y 9th century  |2 eczenas 
655 7 |a monografie  |7 fd132842  |2 czenas 
655 7 |a reprodukce faksimilií  |7 fd1003220  |2 czenas 
655 9 |a monographs  |2 eczenas 
655 9 |a facsimile reproductions  |2 eczenas 
710 2 |a Ústav dějin umění (Akademie věd ČR)  |7 kn20010709009  |4 isb 
856 4 1 |u http://www.digitalniknihovna.cz/mzk/uuid/uuid:401c9a00-eef3-11e8-bc37-005056827e51  |y Digitalizovaný dokument  |x NDK 
910 2 |a BOA001  |b 4-1414.181 
990 |a BK 
995 |a 01 
996 6 |b 2610754700  |c 4-1414.181  |l MZK  |r Sklad / do 1 hodiny  |n 2  |p p.v.  |w 001685817  |u 000010  |a 1  |e BOA001  |j MZK50  |s P 
996 6 |b 2610759238  |c 4-1414.181  |l Stud. starých tisků/4.patro  |r PST  |n 0  |p kup  |h SA2  |w 001685817  |u 000020  |a 1  |e BOA001  |j MZK50  |s P